[Event "COL-ch"]
[Site "Boyaca"]
[Date "2022.08.18"]
[Round "4"]
[White "Alvarez Lora, Amaury Antonio"]
[Black "Zambrano Vargas, Jesus Andres"]
[Result "1/2-1/2"]
[WhiteElo "2036"]
[BlackElo "1642"]
[PlyCount "98"]
[EventDate "2022.08.17"]
[EventType "swiss"]
[EventRounds "9"]
[EventCountry "COL"]
[SourceTitle "CBM 210 Extra"]
[Source "ChessBase"]
[SourceDate "2022.11.30"]
[SourceVersion "1"]
[SourceVersionDate "2022.11.30"]
[SourceQuality "1"]

1. e4 c5 2. Nf3 d6 3. d4 cxd4 4. Nxd4 Nf6 5. Nc3 a6 6. Bc4 e6 7. a3 Be7 8. 0-0 0-0 9. Kh1 b5 10. Ba2 Bb7 11. Qe2 Nc6 12. Nxc6 Bxc6 13. Bf4 Qb6 14. Nd5 Bxd5 15. exd5 e5 16. Be3 Qc7 17. Rad1 Nd7 18. c4 Rab8 19. cxb5 axb5 20. Rc1 Qb7 21. Bd2 Rfc8 22. Bb4 Rxc1 23. Rxc1 Rc8 24. Rc3 Rxc3 25. Bxc3 Nf6 26. f4 e4 27. g4 h6 28. g5 hxg5 29. fxg5 Nh7 30. g6 fxg6 31. Qxe4 Nf8 32. Bb1 Qd7 33. Bd3 Bf6 34. Be2 Qh3 35. Bxf6 gxf6 36. Bxb5 Qb3 37. Qe2 Qxd5+ 38. Kg1 Qd4+ 39. Kf1 Qf4+ 40. Kg2 Qg5+ 41. Kf1 Qf4+ 42. Kg1 Qg5+ 43. Kf1 Qf4+ 44. Ke1 Qc1+ 45. Kf2 Qf4+ 46. Kg2 Qg5+ 47. Kh1 Qd5+ 48. Kg1 Qg5+ 49. Kf1 Qf4+ 1/2-1/2

[Event "COL-ch U2200"]
[Site "Moniquira"]
[Date "2019.07.22"]
[Round "6"]
[White "Corradine, Jorge Ricardo"]
[Black "Alvarez Lora, Amaury Antonio"]
[Result "1-0"]
[WhiteElo "2143"]
[BlackElo "2095"]
[PlyCount "73"]
[EventDate "2018.07.19"]
[EventType "swiss"]
[EventRounds "7"]
[EventCountry "COL"]
[SourceTitle "EXT 2021"]
[Source "ChessBase"]
[SourceDate "2020.10.23"]
[SourceVersion "1"]
[SourceVersionDate "2020.10.23"]
[SourceQuality "1"]

1. e4 c6 2. d4 d5 3. Nc3 dxe4 4. Nxe4 Bf5 5. Ng3 Bg6 6. h4 h6 7. Nf3 Nd7 8. h5 Bh7 9. Bd3 Bxd3 10. Qxd3 e6 11. Bf4 Qa5+ 12. Bd2 Qc7 13. Rh4 0-0-0 14. 0-0-0 Ngf6 15. Ne4 Nxe4 16. Qxe4 Be7 17. Rhh1 Rhe8 18. Kb1 Nf6 19. Qe2 Bf8 20. c4 Kb8 21. Bc3 Nd7 22. Rhe1 Ka8 23. g3 c5 24. d5 Nf6 25. Bxf6 gxf6 26. Rd3 f5 27. Re3 f4 28. gxf4 Qxf4 29. Re4 Qf6 30. Nd2 Bg7 31. Nb3 b6 32. Nc1 Rd7 33. Nd3 Red8 34. Ne5 Rd6 35. Qg4 exd5 36. Rf4 Qg5 37. Nxf7 1-0

[Event "Tunja Boyacense op"]
[Site "Tunja"]
[Date "2018.12.14"]
[Round "3"]
[White "Alvarez Lora, Amaury Antonio"]
[Black "Torres, David"]
[Result "1-0"]
[WhiteElo "2044"]
[BlackElo "1826"]
[PlyCount "55"]
[EventDate "2018.12.13"]
[EventType "swiss"]
[EventRounds "7"]
[EventCountry "COL"]
[SourceTitle "CBM 187 Extra"]
[Source "ChessBase"]
[SourceDate "2018.11.04"]
[SourceVersion "1"]
[SourceVersionDate "2018.11.04"]
[SourceQuality "1"]

1. e4 c6 2. d4 d5 3. Nc3 dxe4 4. Nxe4 Bf5 5. Ng3 Bg6 6. N1e2 h6 7. Nf4 Bh7 8. Bc4 e6 9. 0-0 Nf6 10. Re1 Be7 11. Qe2 Nd5 12. Nxd5 cxd5 13. Bd3 Bxd3 14. Qxd3 Nc6 15. Nh5 Bf6 16. c3 Qe7 17. a4 g6 18. Nf4 0-0-0 19. a5 e5 20. a6 Qd7 21. axb7+ Qxb7 22. dxe5 Nxe5 23. Qh3+ Qd7 24. Rxa7 Qxh3 25. Nxh3 Rhe8 26. Be3 Nc4 27. Rxf7 Bh8 28. Ra1 1-0

[Event "Tunja Boyacense op"]
[Site "Tunja"]
[Date "2018.12.13"]
[Round "1"]
[White "Alvarez Lora, Amaury Antonio"]
[Black "Gomez Leon, Sebastian"]
[Result "1-0"]
[WhiteElo "2044"]
[BlackElo "1548"]
[PlyCount "77"]
[EventDate "2018.12.13"]
[EventType "swiss"]
[EventRounds "7"]
[EventCountry "COL"]
[SourceTitle "CBM 187 Extra"]
[Source "ChessBase"]
[SourceDate "2018.11.04"]
[SourceVersion "1"]
[SourceVersionDate "2018.11.04"]
[SourceQuality "1"]

1. c4 e5 2. g3 Nf6 3. Bg2 c6 4. d3 Be7 5. Nf3 d6 6. 0-0 Qc7 7. Nc3 0-0 8. Bg5 Be6 9. Rc1 Nbd7 10. Qd2 Rac8 11. b3 Nb6 12. e4 Ng4 13. h3 Bxg5 14. Nxg5 Nf6 15. d4 Rcd8 16. d5 cxd5 17. Nxd5 Bxd5 18. cxd5 Qd7 19. Qb4 Nc8 20. Rc4 h6 21. Nf3 Ne7 22. Rfc1 Rc8 23. Nd2 Rxc4 24. Nxc4 Rc8 25. Rd1 Rd8 26. Na5 b6 27. Nc4 b5 28. Ne3 Rc8 29. a4 Rc5 30. Bf1 bxa4 31. bxa4 a5 32. Qb8+ Rc8 33. Qb6 Qxa4 34. Qxd6 Ng6 35. Qa6 Rc3 36. Rd3 Nxe4 37. Rxc3 Nxc3 38. Qc8+ Kh7 39. Qxc3 1-0

[Event "COL-ch"]
[Site "Bogota"]
[Date "2018.11.12"]
[Round "9"]
[White "Alvarez Lora, Amaury Antonio"]
[Black "Londono Lopez, Donaldo Eliuver"]
[Result "1/2-1/2"]
[WhiteElo "2098"]
[BlackElo "1847"]
[PlyCount "20"]
[EventDate "2018.11.06"]
[EventType "swiss"]
[EventRounds "9"]
[EventCountry "COL"]
[SourceTitle "CBM 187 Extra"]
[Source "ChessBase"]
[SourceDate "2018.11.04"]
[SourceVersion "1"]
[SourceVersionDate "2018.11.04"]
[SourceQuality "1"]

1. e4 e5 2. Nf3 Nc6 3. Bc4 Bc5 4. 0-0 Nf6 5. Re1 d6 6. c3 0-0 7. Bb3 a6 8. d3 h6 9. h3 Re8 10. Nbd2 Be6 1/2-1/2

[Event "COL-ch sf 2nd"]
[Site "Tunja"]
[Date "2018.04.21"]
[Round "9"]
[White "Alvarez Lora, Amaury Antonio"]
[Black "Castrillon Gomez, Melissa"]
[Result "0-1"]
[WhiteElo "2107"]
[BlackElo "2222"]
[PlyCount "90"]
[EventDate "2018.04.17"]
[EventType "swiss"]
[EventRounds "10"]
[EventCountry "COL"]
[SourceTitle "CBM 184 Extra"]
[Source "ChessBase"]
[SourceDate "2018.06.28"]
[SourceVersion "1"]
[SourceVersionDate "2018.06.28"]
[SourceQuality "1"]

1. e4 e5 2. Nf3 Nc6 3. Bc4 Bc5 4. 0-0 Nf6 5. c3 Nxe4 6. d4 d5 7. Bb5 exd4 8. Ne5 0-0 9. Nxc6 bxc6 10. Bxc6 Ba6 11. Bxa8 Bxf1 12. cxd4 Qf6 13. Be3 Rxa8 14. dxc5 Bb5 15. Bd4 Qg5 16. Nc3 Bc6 17. Ne2 Re8 18. Be3 Qg6 19. Nd4 Bd7 20. c6 Bg4 21. Qd3 Bh3 22. Qf1 Nd6 23. Kh1 Bc8 24. Re1 h5 25. h3 Qe4 26. f3 Qg6 27. Bf4 Rxe1 28. Qxe1 Kh7 29. Bxd6 Qxd6 30. Qe8 Be6 31. f4 Qxf4 32. Nxe6 fxe6 33. Qxh5+ Qh6 34. Qxh6+ Kxh6 35. b4 Kg5 36. Kg1 Kf4 37. Kf2 Ke4 38. Ke2 Kd4 39. b5 Kc3 40. Kd1 Kb4 41. h4 Kxb5 42. g4 Kxc6 43. g5 Kd6 44. h5 Ke5 45. Ke2 d4 0-1

[Event "COL-ch sf 2nd"]
[Site "Tunja"]
[Date "2018.04.18"]
[Round "2"]
[White "Panesso Rivera, Henry"]
[Black "Alvarez Lora, Amaury Antonio"]
[Result "1-0"]
[WhiteElo "2421"]
[BlackElo "2107"]
[PlyCount "89"]
[EventDate "2018.04.17"]
[EventType "swiss"]
[EventRounds "10"]
[EventCountry "COL"]
[SourceTitle "CBM 184 Extra"]
[Source "ChessBase"]
[SourceDate "2018.06.28"]
[SourceVersion "1"]
[SourceVersionDate "2018.06.28"]
[SourceQuality "1"]

1. d4 Nf6 2. c4 d5 3. cxd5 Nxd5 4. e4 Nb6 5. Nc3 g6 6. Be3 Bg7 7. Qd2 Nc6 8. 0-0-0 h5 9. h3 a5 10. d5 Ne5 11. Qc2 Bd7 12. Bd4 f6 13. f4 Bh6 14. Qf2 Nf7 15. Kb1 Na4 16. Bd3 Nxc3+ 17. Bxc3 Qc8 18. e5 Bf5 19. e6 Bxd3+ 20. Rxd3 Nd6 21. g4 b6 22. g5 Qa6 23. Qc2 Bg7 24. gxf6 exf6 25. Rd1 Nf5 26. Qg2 Ne7 27. d6 cxd6 28. Rxd6 0-0 29. Ne2 Rad8 30. Rhd1 Rxd6 31. Rxd6 Qc4 32. Qf3 Qc5 33. Qd3 Rc8 34. Rd7 Nf5 35. a3 Re8 36. Rd8 Qe7 37. Rxe8+ Qxe8 38. Qd7 Qe7 39. Nd4 Bf8 40. Nc6 Qg7 41. Qd8 Ne7 42. Nb8 g5 43. Nd7 Nd5 44. Nxf8 gxf4 45. Qxd5 1-0

[Event "COL-ch sf 2nd"]
[Site "Tunja"]
[Date "2018.04.17"]
[Round "1"]
[White "Alvarez Lora, Amaury Antonio"]
[Black "Rativa Jimenez, Laura Milena"]
[Result "1-0"]
[WhiteElo "2107"]
[BlackElo "1492"]
[PlyCount "51"]
[EventDate "2018.04.17"]
[EventType "swiss"]
[EventRounds "10"]
[EventCountry "COL"]
[SourceTitle "CBM 184 Extra"]
[Source "ChessBase"]
[SourceDate "2018.06.28"]
[SourceVersion "1"]
[SourceVersionDate "2018.06.28"]
[SourceQuality "1"]

1. e4 e5 2. Nf3 Nc6 3. Bc4 h6 4. 0-0 Nf6 5. d4 d6 6. d5 Ne7 7. Re1 Ng6 8. Nbd2 Be7 9. Nf1 0-0 10. Ng3 a6 11. c3 b5 12. Bd3 Bb7 13. Nf5 Rc8 14. a4 c6 15. dxc6 Bxc6 16. axb5 axb5 17. Ra7 Ra8 18. Rxa8 Qxa8 19. N3h4 Qb7 20. Nxg6 fxg6 21. Nxe7+ Qxe7 22. Bxb5 Bxe4 23. Rxe4 Nxe4 24. Qd5+ Qf7 25. Bc4 Nc5 26. b4 1-0

[Event "Tunja Liga Boyaca"]
[Site "Tunja"]
[Date "2017.12.14"]
[Round "1.8"]
[White "Gomez Leon, Nicolas"]
[Black "Alvarez Lora, Amaury Antonio"]
[Result "0-1"]
[WhiteElo "1306"]
[BlackElo "2128"]
[PlyCount "41"]
[EventDate "2017.12.14"]
[EventType "swiss"]
[EventRounds "7"]
[EventCountry "COL"]
[SourceTitle "EXT 2024"]
[Source "ChessBase"]
[SourceDate "2023.10.10"]
[SourceVersion "1"]
[SourceVersionDate "2023.10.10"]
[SourceQuality "1"]

1. d4 d5 2. Bf4 Nf6 3. Nf3 c6 4. e3 Qb6 5. Qc1 Bf5 6. Nbd2 e6 7. Bd3 Bg6 8. Ne5 Nbd7 9. Nxg6 hxg6 10. c3 c5 11. 0-0 Bd6 12. Bxd6 Qxd6 13. Nf3 Ne4 14. Bb5 0-0-0 15. Bxd7+ Rxd7 16. g3 f6 17. Qd1 g5 18. Kg2 g4 19. Nh4 g5 20. Qxg4 gxh4 21. gxh4 0-1

[Event "Bogota McGregor op 1st"]
[Site "Bogota"]
[Date "2010.12.08"]
[Round "10"]
[White "Alvarez Lora, Amaury Antonio"]
[Black "Tovio, Israel"]
[Result "0-1"]
[WhiteElo "2131"]
[BlackElo "2298"]
[PlyCount "76"]
[EventDate "2010.12.03"]
[EventType "swiss"]
[EventRounds "10"]
[EventCountry "COL"]
[SourceTitle "CBM 139 Extra"]
[Source "ChessBase"]
[SourceDate "2011.01.05"]
[SourceVersion "1"]
[SourceVersionDate "2011.01.05"]
[SourceQuality "1"]

1. e4 c5 2. Nf3 d6 3. b3 Nf6 4. d3 Nc6 5. Bb2 e5 6. Nbd2 g6 7. Be2 Bg7 8. 0-0 0-0 9. Nc4 Ne8 10. Nfd2 f5 11. f4 fxe4 12. fxe5 Rxf1+ 13. Nxf1 d5 14. Ncd2 exd3 15. cxd3 Nxe5 16. d4 Nc6 17. Nf3 Bg4 18. Ne3 Bxf3 19. Bxf3 Nxd4 20. Bxd5+ Kh8 21. Bxb7 Rb8 22. Ba6 Qg5 23. Nf1 Nd6 24. Rc1 Rf8 25. Ng3 h5 26. Bc3 h4 27. Bd2 Qf6 28. Nh1 Ne4 29. Bc4 Nxb3 30. Be3 Nxc1 31. Qxc1 Qc3 32. Qxc3 Bxc3 33. Bd3 Bd2 34. Bxd2 Nxd2 35. Nf2 g5 36. g3 c4 37. Bc2 Nf3+ 38. Kh1 Ne1 0-1

[Event "Bogota McGregor op 1st"]
[Site "Bogota"]
[Date "2010.12.06"]
[Round "6"]
[White "Lopez Hernandez, Carlos Manuel"]
[Black "Alvarez Lora, Amaury Antonio"]
[Result "1/2-1/2"]
[WhiteElo "2310"]
[BlackElo "2131"]
[PlyCount "39"]
[EventDate "2010.12.03"]
[EventType "swiss"]
[EventRounds "10"]
[EventCountry "COL"]
[SourceTitle "CBM 139 Extra"]
[Source "ChessBase"]
[SourceDate "2011.01.05"]
[SourceVersion "1"]
[SourceVersionDate "2011.01.05"]
[SourceQuality "1"]

1. Nf3 d5 2. g3 Nc6 3. d4 Nf6 4. Bg2 Bg4 5. 0-0 e6 6. c4 Be7 7. Ne5 Bh5 8. Nc3 0-0 9. cxd5 Nxd5 10. Nxd5 exd5 11. Nxc6 bxc6 12. b3 Re8 13. Qc2 c5 14. e3 cxd4 15. exd4 Bg6 16. Qd2 a5 17. Bb2 a4 18. Bc3 axb3 19. axb3 Rb8 20. b4 1/2-1/2

[Event "Bogota McGregor op 1st"]
[Site "Bogota"]
[Date "2010.12.04"]
[Round "3"]
[White "Alvarez Lora, Amaury Antonio"]
[Black "Rodriguez Vila, Andres"]
[Result "1/2-1/2"]
[WhiteElo "2131"]
[BlackElo "2556"]
[PlyCount "60"]
[EventDate "2010.12.03"]
[EventType "swiss"]
[EventRounds "10"]
[EventCountry "COL"]
[SourceTitle "CBM 139 Extra"]
[Source "ChessBase"]
[SourceDate "2011.01.05"]
[SourceVersion "1"]
[SourceVersionDate "2011.01.05"]
[SourceQuality "1"]

1. e4 e6 2. Nf3 d5 3. exd5 exd5 4. d4 Bd6 5. Bd3 Bg4 6. 0-0 Ne7 7. c3 Nd7 8. Nbd2 c6 9. Re1 Qc7 10. Qa4 Bh5 11. b4 0-0 12. Qc2 Bg6 13. Nf1 a5 14. Bg5 f6 15. Bd2 axb4 16. cxb4 Nb6 17. Bxg6 hxg6 18. a4 Nc4 19. Bc3 Kf7 20. Ne3 Nxe3 21. Rxe3 Nf5 22. Re2 Rfe8 23. Rae1 Rxe2 24. Qxe2 Be7 25. Qe6+ Kf8 26. g4 Qf4 27. gxf5 Qg4+ 28. Kf1 Qh3+ 29. Kg1 Qg4+ 30. Kf1 Qh3+ 1/2-1/2

[Event "COL-ch"]
[Site "San Andres Islas"]
[Date "2008.12.04"]
[Round "8"]
[White "Alvarez Lora, Amaury Antonio"]
[Black "Navia Alvarez, Edwin Adrian"]
[Result "1-0"]
[WhiteElo "2148"]
[BlackElo "2055"]
[PlyCount "79"]
[EventDate "2008.12.01"]
[EventType "swiss"]
[EventRounds "9"]
[EventCountry "COL"]
[SourceTitle "CBM 127 Extra"]
[Source "ChessBase"]
[SourceDate "2009.01.08"]
[SourceVersion "2"]
[SourceVersionDate "2009.01.28"]
[SourceQuality "1"]

1. e4 c5 2. Nf3 d6 3. d4 cxd4 4. Nxd4 Nf6 5. Nc3 a6 6. f3 e6 7. Be3 b5 8. Qd2 Nbd7 9. 0-0-0 Bb7 10. g4 h6 11. Kb1 b4 12. Nce2 d5 13. exd5 Nxd5 14. Nf4 N7f6 15. Bc4 Qc7 16. Bb3 0-0-0 17. Nd3 e5 18. Nf5 e4 19. fxe4 Nxe4 20. Qe1 g6 21. Bd4 f6 22. Ng3 Nxg3 23. hxg3 Rh7 24. Qf2 Bd6 25. Rhg1 Re8 26. Nc5 Bc6 27. Nxa6 Qa5 28. Bc5 Bxc5 29. Qxc5 Qxa6 30. Bxd5 Rc7 31. Bc4 Qa4 32. Bb3 Qa6 33. Qxb4 Re2 34. Rge1 Rce7 35. Rxe2 Qxe2 36. Qd6 Kb7 37. a3 f5 38. Rd4 Rc7 39. Rb4+ Kc8 40. Be6+ 1-0

[Event "COL-ch"]
[Site "San Andres Islas"]
[Date "2008.12.01"]
[Round "2"]
[White "Cuartas Medina, Jorge Humberto"]
[Black "Alvarez Lora, Amaury Antonio"]
[Result "1/2-1/2"]
[WhiteElo "2283"]
[BlackElo "2148"]
[PlyCount "71"]
[EventDate "2008.12.01"]
[EventType "swiss"]
[EventRounds "9"]
[EventCountry "COL"]
[SourceTitle "CBM 127 Extra"]
[Source "ChessBase"]
[SourceDate "2009.01.08"]
[SourceVersion "2"]
[SourceVersionDate "2009.01.28"]
[SourceQuality "1"]

1. e4 c5 2. Nf3 d6 3. d4 cxd4 4. Nxd4 Nf6 5. f3 g6 6. c4 Bg7 7. Nc3 Nc6 8. Be3 0-0 9. Qd2 Bd7 10. Be2 Qb8 11. 0-0 Rd8 12. Kh1 Nxd4 13. Bxd4 Bc6 14. b4 b6 15. Rac1 e6 16. Rcd1 Qc7 17. Bd3 Rac8 18. Rc1 Ba8 19. f4 Qe7 20. Rfe1 e5 21. fxe5 Ng4 22. Qe2 Nxe5 23. Nd5 Bxd5 24. exd5 Re8 25. Bc2 Qd7 26. Bxe5 Rxe5 27. Qd3 Rce8 28. Rxe5 Rxe5 29. Rf1 Qe7 30. c5 bxc5 31. bxc5 dxc5 32. d6 Qd7 33. Bb3 Rf5 34. Rxf5 Qxf5 35. Qxf5 gxf5 36. g3 1/2-1/2

[Event "Medellin Feria de las Flores op"]
[Site "Medellin"]
[Date "2008.08.06"]
[Round "2.30"]
[White "Alvarez Lora, Amaury Antonio"]
[Black "Lopez Idarraga, Daniel Eduardo"]
[Result "1/2-1/2"]
[WhiteElo "2117"]
[BlackElo "1923"]
[PlyCount "102"]
[EventDate "2008.08.06"]
[EventType "swiss"]
[EventRounds "9"]
[EventCountry "COL"]
[SourceTitle "EXT 2024"]
[Source "ChessBase"]
[SourceDate "2023.10.10"]
[SourceVersion "1"]
[SourceVersionDate "2023.10.10"]
[SourceQuality "1"]

1. e4 c5 2. Nf3 e6 3. d4 cxd4 4. Nxd4 Nf6 5. Bd3 Qb6 6. Nb3 Nc6 7. Be3 Qc7 8. 0-0 d5 9. Nc3 dxe4 10. Nxe4 Be7 11. c3 0-0 12. Nxf6+ Bxf6 13. Qh5 g6 14. Qe2 b6 15. Bh6 Bg7 16. Bxg7 Kxg7 17. Rad1 Bb7 18. Be4 Rad8 19. Qe3 f6 20. h4 Rxd1 21. Rxd1 Rd8 22. Rxd8 Qxd8 23. Bxc6 Qd1+ 24. Kh2 Qd6+ 25. Qg3 Qxg3+ 26. Kxg3 Bxc6 27. Nd4 Bd5 28. a3 a6 29. Nc2 Be4 30. Ne3 Bd3 31. f3 f5 32. f4 Kf6 33. Kf2 h6 34. Ke1 g5 35. hxg5+ hxg5 36. g3 a5 37. Kd2 Ba6 38. c4 Bb7 39. Nd1 e5 40. Ke3 exf4+ 41. gxf4 g4 42. Nc3 Bc6 43. Ne2 Ke7 44. Kd4 Kd6 45. Ng3 Bd7 46. b4 axb4 47. axb4 Bc8 48. Nh5 Be6 49. Ng3 Bc8 50. Nf1 Bd7 51. Ng3 Bc8 1/2-1/2

[Event "Medellin Feria de las Flores op"]
[Site "Medellin"]
[Date "2008.08.06"]
[Round "3.24"]
[White "Calderon, Karen Lineth"]
[Black "Alvarez Lora, Amaury Antonio"]
[Result "0-1"]
[WhiteElo "1949"]
[BlackElo "2117"]
[PlyCount "108"]
[EventDate "2008.08.06"]
[EventType "swiss"]
[EventRounds "9"]
[EventCountry "COL"]
[SourceTitle "EXT 2024"]
[Source "ChessBase"]
[SourceDate "2023.10.10"]
[SourceVersion "1"]
[SourceVersionDate "2023.10.10"]
[SourceQuality "1"]

1. d4 d5 2. Nf3 Nf6 3. Bf4 c6 4. Nbd2 Nbd7 5. e3 Nh5 6. h3 Nxf4 7. exf4 e6 8. c3 c5 9. Qc2 Qc7 10. f5 e5 11. dxe5 Nxe5 12. Bb5+ Nc6 13. 0-0 Be7 14. Rfe1 0-0 15. Rad1 a6 16. Bxc6 bxc6 17. Re2 Bd6 18. Rde1 Bd7 19. Ne5 Rae8 20. Nxd7 Qxd7 21. Qd3 c4 22. Qf3 Rxe2 23. Rxe2 Re8 24. Kf1 Kf8 25. Rxe8+ Qxe8 26. Qe3 Qxe3 27. fxe3 Ke7 28. Ke2 Kf6 29. g4 h5 30. Nf3 Bc5 31. Nd4 Bxd4 32. exd4 Kg5 33. Kf3 Kh4 34. gxh5 f6 35. Kg2 Kxh5 36. Kg3 Kg5 37. Kf3 Kxf5 38. a3 a5 39. a4 g6 40. h4 g5 41. h5 g4+ 42. Kg3 Kg5 43. h6 Kxh6 44. Kxg4 Kg6 45. Kf4 f5 46. Kf3 Kg5 47. Kg3 f4+ 48. Kf3 Kf5 49. Kf2 Ke4 50. Ke2 f3+ 51. Kf2 Kf4 52. Kf1 Ke3 53. Ke1 Kd3 54. Kf2 Kc2 0-1

[Event "Bucaramanga op"]
[Site "Bucaramanga"]
[Date "2008.05.31"]
[Round "4"]
[White "Alvarez Lora, Amaury Antonio"]
[Black "Diaz Quejada, Ricardo"]
[Result "0-1"]
[WhiteElo "2109"]
[BlackElo "2290"]
[PlyCount "82"]
[EventDate "2008.05.30"]
[EventType "swiss"]
[EventRounds "9"]
[EventCountry "COL"]
[SourceTitle "EXT 2010"]
[Source "ChessBase"]
[SourceDate "2010.11.25"]
[SourceVersion "1"]
[SourceVersionDate "2010.11.25"]
[SourceQuality "1"]

1. e4 e6 2. Nf3 d5 3. exd5 exd5 4. d4 Nf6 5. Bd3 Be7 6. 0-0 0-0 7. Re1 Bg4 8. Bf4 c5 9. c3 cxd4 10. cxd4 Nc6 11. Be3 Qb6 12. b3 Bb4 13. Nbd2 Rfe8 14. Rf1 Ba3 15. h3 Bh5 16. g4 Bg6 17. Bxg6 hxg6 18. Ne5 Bb2 19. Ndc4 dxc4 20. Nxc4 Qc7 21. Nxb2 Rxe3 22. fxe3 Qg3+ 23. Kh1 Qxh3+ 24. Kg1 Nxg4 25. Qe2 Qg3+ 26. Kh1 Re8 27. Nc4 Nxd4 28. Qd2 Qh3+ 29. Kg1 Nf3+ 30. Rxf3 Qxf3 31. Re1 Qg3+ 32. Kf1 Nh2+ 33. Ke2 Qf3+ 34. Kd3 Rd8+ 35. Kc2 Qe4+ 36. Kc1 Rxd2 37. Nxd2 Qd3 38. Nc4 Qc3+ 39. Kd1 Qa1+ 40. Ke2 Qxa2+ 41. Nd2 Nf3 0-1